000 00738cam a22002172 4500
001 0000007511
005 20151217145838.0
008 080211s xx 000 0 eng d
020 _a076194690x :
_cKES
040 _aKABU
_cKABU
100 1 _aParker, Douglas A.
_@0000158759
245 1 0 _aConfident communication :
_bspeaking tips for educators /
_cDouglas A. Parker.
260 _aLondon :
_bSage,
_c2003.
300 _axiii, 171 p.
650 0 _aCommunication in education
_xHandbooks, manuals, etc.
_@0000158760
650 0 _aPublic speaking
_xHandbooks, manuals, etc.
_@0000158761
908 _a080211
950 _@1
999 _c3229
_d3229